000 00435nam a2200181Ia 4500
001 24660
005 20260414151058.0
008 260414t1993||||xx |||||||||||||| ||spa||
041 _aESP
082 _a345.721
_bL84 V. 5
100 _aLohmann Luca de Tena, Juan Guillermo
_eAUT
245 0 _aEl arbitraje
_b
260 _c1993
300 _a199 páginas :
_c21 cm.
650 _aDER
654 _aCDE
942 _cLIB
_dJUS
_fJUS
_2ddc
_n
999 _c24660
_d24660